Kluby w Ekstraklasie w sezonie 2026/27 - Statystyki

Ogólne statystyki
  • Ten quiz został rozwiązany 12 razy
  • Średni wynik to 12 z 18
Statystyki odpowiedzi
Klub % Poprawnych
Raków Częstochowa
100%
Jagiellonia Białystok
88%
Lech Poznań
88%
Legia Warszawa
88%
GKS Katowice
75%
Górnik Zabrze
75%
Korona Kielce
75%
Piast Gliwice
75%
Pogoń Szczecin
75%
Zagłębie Lubin
75%
Motor Lublin
63%
Radomiak Radom
63%
Śląsk Wrocław
63%
Cracovia
50%
Widzew Łódź
50%
Wisła Kraków
38%
Wieczysta Kraków
25%
Wisła Płock
13%
Nie znaleziono quizów pasujących do podanych kryteriów
Rozkład punktacji
Procent ludzi z każdym wynikiem
Percentyl według liczby udzielonych odpowiedzi
Twoja historia wyników
Nie rozwiązałeś tego quizu